[Event "Titled Tuesday intern op 13th Feb Early"]
[Site "Chess.com INT"]
[Date "2024.02.13"]
[Round "9"]
[White "Tomczak, Jacek"]
[Black "Martinez Alcantara, Jose Eduardo"]
[Result "0-1"]
[WhiteElo "2598"]
[BlackElo "2610"]
[PlyCount "128"]
[EventDate "2024.02.13"]
[EventType "swiss (blitz)"]
[EventRounds "11"]
[EventCountry "USA"]
[SourceTitle "CB08_2024"]
[SourceDate "2024.02.21"]
[SourceVersion "1"]
[SourceVersionDate "2024.02.21"]
[SourceQuality "1"]

1. e4 c5 2. Nf3 d6 3. d4 cxd4 4. Nxd4 a6 5. c4 e6 6. Nc3 Nf6 7. Be2 b6 8. 0-0 Bb7 9. f3 Nbd7 10. Be3 Be7 11. Qd2 0-0 12. Rfd1 Qc7 13. Rac1 Rac8 14. Bf1 Qb8 15. Qf2 Rfe8 16. a3 Bd8 17. b4 Bc7 18. g3 h5 19. Bg5 Nh7 20. Be3 Nhf6 21. Bg5 Nh7 22. Be3 h4 23. gxh4 Ndf6 24. Bh3 Rcd8 25. Bg5 g6 26. Nce2 d5 27. exd5 exd5 28. c5 bxc5 29. bxc5 Nxg5 30. hxg5 Nh5 31. Rb1 Qa8 32. Rdc1 Bc8 33. Bxc8 Qxc8 34. Rc3 Nf4 35. Nxf4 Bxf4 36. c6 Qc7 37. Rb7 Qe5 38. c7 Rc8 39. Kf1 Qxg5 40. Ne2 Be3 41. Qg3 Qf6 42. Rb8 Bb6 43. Rxc8 Rxc8 44. Qf4 Qe7 45. Qd2 Bxc7 46. Qxd5 Rd8 47. Qe4 Rd1+ 48. Kg2 Qg5+ 49. Qg4 Qe5 50. f4 Qe7 51. Qc8+ Rd8 52. Qg4 Kg7 53. Qf3 Rd2 54. Re3 Qd6 55. Re4 Qc5 56. Re3 Bb6 57. Re5 Qc2 58. Re4 Rd3 59. Qg4 Rd5 60. Qf3 Qc5 61. f5 Rxf5 62. Qg3 Rf2+ 63. Kh3 Qf5+ 64. Qg4 Qxg4+ 0-1

[Event "Titled Tuesday intern op 06th Feb Early"]
[Site "Chess.com INT"]
[Date "2024.02.06"]
[Round "8"]
[White "Tomczak, Jacek"]
[Black "Chigaev, Maksim"]
[Result "1/2-1/2"]
[WhiteElo "2598"]
[BlackElo "2622"]
[PlyCount "125"]
[EventDate "2024.02.06"]
[EventType "swiss (blitz)"]
[EventRounds "11"]
[EventCountry "USA"]
[SourceTitle "CB07_2024"]
[SourceDate "2024.02.14"]
[SourceVersion "1"]
[SourceVersionDate "2024.02.14"]
[SourceQuality "1"]

1. e4 e5 2. Nf3 Nc6 3. d4 exd4 4. Nxd4 Qf6 5. Be3 Bc5 6. c3 Nge7 7. Nc2 b6 8. Nd2 Bb7 9. Bxc5 bxc5 10. Ne3 Ne5 11. g3 g5 12. Be2 0-0-0 13. Qa4 Kb8 14. Rf1 d5 15. exd5 Nxd5 16. Nxd5 Rxd5 17. 0-0-0 Nd3+ 18. Bxd3 Rxd3 19. Nb3 Rxd1+ 20. Rxd1 Qxf2 21. Qd7 a6 22. Qd2 Qxd2+ 23. Rxd2 c4 24. Na5 Bc8 25. Nxc4 Be6 26. Na5 h5 27. Rd4 c5 28. Rd6 h4 29. Rb6+ Kc7 30. Rc6+ Kd7 31. Rxc5 hxg3 32. hxg3 Rh1+ 33. Kc2 Rh2+ 34. Kd3 f6 35. b4 Rh3 36. a4 Rxg3+ 37. Kd4 Rg4+ 38. Kd3 Rf4 39. Nc6 g4 40. Nd4 g3 41. Rc7+ Kd6 42. Rg7 Bg4 43. Ke3 g2 44. Kxf4 g1Q 45. Rxg4 Qc1+ 46. Ke4 Qxc3 47. Rf4 Qe1+ 48. Kd3 Qd1+ 49. Ke3 Qc1+ 50. Ke4 Qh1+ 51. Ke3 Qg1+ 52. Ke4 Qe1+ 53. Kd3 Qb1+ 54. Ke3 Ke7 55. b5 Qe1+ 56. Kd3 axb5 57. axb5 Qd1+ 58. Ke3 Qe1+ 59. Kd3 Qb1+ 60. Ke3 Qc1+ 61. Ke4 Qb1+ 62. Ke3 Qe1+ 63. Kd3 1/2-1/2

[Event "POL-chT Ekstraliga"]
[Site "Lublin"]
[Date "2023.09.26"]
[Round "9.3"]
[White "Tomczak, Jacek"]
[Black "Piorun, Kacper"]
[Result "1-0"]
[WhiteElo "2591"]
[BlackElo "2594"]
[PlyCount "129"]
[EventDate "2023.09.18"]
[EventType "team-tourn"]
[EventRounds "9"]
[EventCountry "POL"]
[SourceTitle "EXT 2024"]
[Source "ChessBase"]
[SourceDate "2023.10.10"]
[SourceVersion "1"]
[SourceVersionDate "2023.10.10"]
[SourceQuality "1"]
[WhiteTeam "Gliwice Akademia Szachowa"]
[BlackTeam "Katowice Wasko"]
[WhiteTeamCountry "POL"]
[BlackTeamCountry "POL"]

1. e4 c5 2. Nf3 Nc6 3. Bb5 a6 4. Bxc6 dxc6 5. 0-0 Qc7 6. a4 e5 7. a5 Ne7 8. d3 Ng6 9. Be3 f6 10. Nfd2 Be6 11. Nc3 Bd6 12. Na4 Qe7 13. c4 0-0 14. Nb3 f5 15. exf5 Bxf5 16. Naxc5 Nf4 17. Ne4 Rad8 18. Qc2 Qf7 19. f3 Qg6 20. Bxf4 exf4 21. Qf2 Bc7 22. Rfd1 Bc8 23. d4 Rf5 24. Rac1 Qf7 25. Qc2 Qe7 26. d5 Be5 27. dxc6 bxc6 28. Rxd8+ Qxd8 29. Rd1 Qc7 30. Qd2 Rf8 31. Nbc5 Qf7 32. Qe2 Qe7 33. Rd2 g5 34. b4 h5 35. Nf2 Qg7 36. Qe4 g4 37. Qxc6 g3 38. Qd5+ Kh7 39. hxg3 fxg3 40. Nfe4 Bf4 41. Qxh5+ Kg8 42. Rd1 Bf5 43. Qh4 Qe5 44. Kf1 Bc8 45. Rd8 Kg7 46. Nd3 Qa1+ 47. Ne1 Rxd8 48. Qxd8 Bf5 49. Nxg3 Bxg3 50. Qg5+ Kh8 51. Qxg3 Bd3+ 52. Kg1 Bxc4 53. Qh4+ Kg7 54. Qxc4 Qxe1+ 55. Kh2 Qe5+ 56. Kh3 Qh5+ 57. Qh4 Qb5 58. Qe7+ Kh8 59. Kh4 Qc4+ 60. Qe4 Qf1 61. f4 Kg7 62. Kg5 Kf7 63. Qd5+ Ke7 64. g4 Kf8 65. Kg6 1-0

[Event "POL-chT Ekstraliga"]
[Site "Lublin"]
[Date "2023.09.25"]
[Round "8.3"]
[White "Nasuta, Grzegorz"]
[Black "Tomczak, Jacek"]
[Result "1-0"]
[WhiteElo "2579"]
[BlackElo "2591"]
[PlyCount "95"]
[EventDate "2023.09.18"]
[EventType "team-tourn"]
[EventRounds "9"]
[EventCountry "POL"]
[SourceTitle "EXT 2024"]
[Source "ChessBase"]
[SourceDate "2023.10.10"]
[SourceVersion "1"]
[SourceVersionDate "2023.10.10"]
[SourceQuality "1"]
[WhiteTeam "Legnica Miedz"]
[BlackTeam "Gliwice Akademia Szachowa"]
[WhiteTeamCountry "POL"]
[BlackTeamCountry "POL"]

1. e4 c5 2. Nf3 e6 3. d4 cxd4 4. Nxd4 Nf6 5. Nc3 Nc6 6. Nxc6 bxc6 7. e5 Nd5 8. Ne4 Bb7 9. Be2 c5 10. 0-0 Qc7 11. Nd6+ Bxd6 12. exd6 Qc6 13. f3 Qb6 14. c4 Nb4 15. Be3 a5 16. Qa4 Qxd6 17. Qb5 Qe5 18. Qxc5 Qxb2 19. Rfe1 Bc6 20. Rab1 Qxa2 21. Qd6 f6 22. Bc5 Kf7 23. Qe7+ Kg8 24. Ra1 Qd2 25. Bf1 Na6 26. Re2 Qf4 27. Rxa5 Qb8 28. Rxe6 Qc8 29. Re1 Nxc5 30. Rxa8 Qxa8 31. Qe8+ Qxe8 32. Rxe8+ Kf7 33. Rxh8 h6 34. Kf2 Ne6 35. Rc8 h5 36. Bd3 Nc5 37. Bf5 Na4 38. Rb8 g6 39. Be4 Bxe4 40. fxe4 Nc5 41. Ke3 h4 42. Rh8 g5 43. Kd4 Ne6+ 44. Kd5 Kg7 45. Rb8 Nf4+ 46. Kd6 Nxg2 47. Kxd7 g4 48. c5 1-0

[Event "POL-chT Ekstraliga"]
[Site "Lublin"]
[Date "2023.09.22"]
[Round "5.5"]
[White "Donchenko, Alexander"]
[Black "Tomczak, Jacek"]
[Result "0-1"]
[WhiteElo "2679"]
[BlackElo "2591"]
[PlyCount "80"]
[EventDate "2023.09.18"]
[EventType "team-tourn"]
[EventRounds "9"]
[EventCountry "POL"]
[SourceTitle "EXT 2024"]
[Source "ChessBase"]
[SourceDate "2023.10.10"]
[SourceVersion "1"]
[SourceVersionDate "2023.10.10"]
[SourceQuality "1"]
[WhiteTeam "Raciborz Silesia"]
[BlackTeam "Gliwice Akademia Szachowa"]
[WhiteTeamCountry "POL"]
[BlackTeamCountry "POL"]

1. d4 d5 2. Nf3 Nf6 3. Bf4 c5 4. e3 Nc6 5. Nbd2 Qb6 6. dxc5 Qxb2 7. Rb1 Qc3 8. Bb5 e6 9. 0-0 Be7 10. e4 0-0 11. e5 Nd7 12. Nb3 Qb4 13. Nfd4 Nxd4 14. Nxd4 Qxc5 15. Rb3 a6 16. Be2 Qc7 17. Re1 Nc5 18. Rh3 Bd7 19. Bd3 g6 20. Qd2 Nxd3 21. Rxd3 Rfc8 22. Bg5 Bxg5 23. Qxg5 Qa5 24. Rb1 Rc3 25. h4 Rxd3 26. cxd3 Qxa2 27. Rc1 Qa5 28. Nf3 Qd8 29. Qf4 Rc8 30. Rb1 Bb5 31. h5 gxh5 32. Qh6 Bxd3 33. Rxb7 Bg6 34. Nd4 Rc7 35. Rb6 Rc1+ 36. Qxc1 Qxb6 37. Qc8+ Kg7 38. Nc6 Qb1+ 39. Kh2 Qc2 40. f3 Bd3 0-1

[Event "Suwalki Warakomska Memorial 7th"]
[Site "Suwalki"]
[Date "2023.08.14"]
[Round "9"]
[White "Klimkowski, Jan"]
[Black "Tomczak, Jacek"]
[Result "1/2-1/2"]
[WhiteElo "2490"]
[BlackElo "2601"]
[PlyCount "79"]
[EventDate "2023.08.07"]
[EventType "swiss"]
[EventRounds "9"]
[EventCountry "POL"]
[SourceTitle "CBM 215 Extra"]
[Source "ChessBase"]
[SourceDate "2023.09.30"]
[SourceVersion "1"]
[SourceVersionDate "2023.09.30"]
[SourceQuality "1"]

1. c4 e5 2. Nc3 Nf6 3. Nf3 Nc6 4. e4 Bb4 5. d3 d6 6. a3 Bc5 7. b4 Bb6 8. Na4 Bd4 9. Rb1 a6 10. Be2 0-0 11. 0-0 Bd7 12. Nxd4 Nxd4 13. Nc3 a5 14. b5 a4 15. f4 h6 16. Be3 c6 17. bxc6 bxc6 18. Bxd4 exd4 19. Nxa4 Qa5 20. Nb6 Rab8 21. Qe1 Qa7 22. e5 Rxb6 23. Rxb6 Qxb6 24. exf6 Re8 25. Qg3 g6 26. Bg4 Bxg4 27. Qxg4 Qd8 28. Qh4 Kh7 29. f5 g5 30. Qxd4 c5 31. Qb2 Qa8 32. a4 Qxa4 33. Qb5 Qa8 34. Qd7 Kg8 35. Qxd6 Re2 36. Qd5 Qxd5 37. cxd5 Re5 38. d6 Rd5 39. Rc1 Rxd3 40. Rxc5 1/2-1/2

[Event "Suwalki Warakomska Memorial 7th"]
[Site "Suwalki"]
[Date "2023.08.12"]
[Round "7"]
[White "Tomczak, Jacek"]
[Black "Nasuta, Grzegorz"]
[Result "1/2-1/2"]
[WhiteElo "2601"]
[BlackElo "2544"]
[PlyCount "60"]
[EventDate "2023.08.07"]
[EventType "swiss"]
[EventRounds "9"]
[EventCountry "POL"]
[SourceTitle "CBM 215 Extra"]
[Source "ChessBase"]
[SourceDate "2023.09.30"]
[SourceVersion "1"]
[SourceVersionDate "2023.09.30"]
[SourceQuality "1"]

1. d4 d5 2. c4 c6 3. Nc3 Nf6 4. Nf3 e6 5. Bg5 dxc4 6. e4 b5 7. e5 h6 8. Bh4 g5 9. Nxg5 hxg5 10. Bxg5 Nbd7 11. g3 Bb7 12. Bg2 Qb6 13. exf6 0-0-0 14. 0-0 c5 15. d5 b4 16. Rb1 Qa6 17. dxe6 Bxg2 18. e7 Bxf1 19. Kxf1 Bxe7 20. fxe7 Rdg8 21. Ne4 Rxg5 22. Nxg5 Re8 23. Qd5 Rxe7 24. Ne4 c3+ 25. Kg2 Re5 26. Nxc5 Rxd5 27. Nxa6 Rb5 28. bxc3 bxc3 29. Rc1 Kb7 30. Rxc3 Kxa6 1/2-1/2

[Event "Suwalki Warakomska Memorial 7th"]
[Site "Suwalki"]
[Date "2023.08.08"]
[Round "2"]
[White "Tomczak, Jacek"]
[Black "Ilamparthi, AR."]
[Result "1-0"]
[WhiteElo "2601"]
[BlackElo "2384"]
[PlyCount "107"]
[EventDate "2023.08.07"]
[EventType "swiss"]
[EventRounds "9"]
[EventCountry "POL"]
[SourceTitle "CBM 215 Extra"]
[Source "ChessBase"]
[SourceDate "2023.09.30"]
[SourceVersion "1"]
[SourceVersionDate "2023.09.30"]
[SourceQuality "1"]

1. d4 Nf6 2. c4 g6 3. Nc3 Bg7 4. e4 d6 5. Be2 0-0 6. Be3 c5 7. e5 dxe5 8. dxe5 Qxd1+ 9. Rxd1 Nfd7 10. f4 Nc6 11. Ne4 b6 12. Bf3 Rb8 13. Ne2 Nb4 14. 0-0 Nxa2 15. Rd2 Re8 16. Ra1 Nb4 17. Rxa7 Nf8 18. N4c3 Be6 19. Nd5 Nc6 20. Ra6 Na5 21. Rc2 Nd7 22. Rc3 Rb7 23. b3 f6 24. exf6 exf6 25. Nxb6 Rxb6 26. Rxa5 Reb8 27. Ra8 Rxa8 28. Bxa8 Ra6 29. Bf3 Ra1+ 30. Kf2 Rb1 31. Rd3 Bf5 32. Rd5 Rxb3 33. g4 Be6 34. Rd6 Nf8 35. Rxe6 Nxe6 36. Bd5 Bf8 37. Bxe6+ Kg7 38. Kf3 Bd6 39. Ng3 Kf8 40. Ne4 Ke7 41. Bg8 Bc7 42. h4 h6 43. Ke2 Bb6 44. Bh7 Kf7 45. h5 g5 46. Nd6+ Ke6 47. Nf5 Bc7 48. Bg8+ Kd7 49. fxg5 fxg5 50. Nxh6 Bf4 51. Bxc5 Kc6 52. Bd4 Rg3 53. Bd5+ Kd7 54. Nf5 1-0

[Event "POL-ch 80th"]
[Site "Warsaw"]
[Date "2023.04.15"]
[Round "2.2"]
[White "Socko, Bartosz"]
[Black "Tomczak, Jacek"]
[Result "1/2-1/2"]
[WhiteElo "2601"]
[BlackElo "2600"]
[PlyCount "67"]
[EventDate "2023.04.12"]
[EventType "k.o."]
[EventRounds "4"]
[EventCountry "POL"]
[SourceTitle "CBM 213 Extra"]
[Source "ChessBase"]
[SourceDate "2023.05.31"]
[SourceVersion "1"]
[SourceVersionDate "2023.05.31"]
[SourceQuality "1"]

1. e4 e6 2. d4 d5 3. Nd2 c5 4. exd5 Qxd5 5. Ngf3 cxd4 6. Bc4 Qd7 7. 0-0 Nf6 8. Nb3 Nc6 9. Nbxd4 Nxd4 10. Qxd4 Qxd4 11. Nxd4 Bd7 12. Be2 Bc5 13. Nb3 Bb6 14. a4 a6 15. Bf3 0-0-0 16. a5 Ba7 17. Be3 Bxe3 18. fxe3 Kc7 19. Nc5 Bc6 20. Bxc6 Kxc6 21. Nd3 Kd6 22. Ra4 Rc8 23. c3 Ke7 24. Kf2 Rhd8 25. Rd4 Rd5 26. Rxd5 Nxd5 27. e4 Nf6 28. Kf3 Rc4 29. Re1 g5 30. h3 h5 31. Nf2 Nd7 32. Nd3 Nf6 33. Nf2 Nd7 34. Nd3 1/2-1/2

[Event "Bundesliga 2223"]
[Site "Germany"]
[Date "2023.04.01"]
[Round "12.1"]
[White "Wojtaszek, Radoslaw"]
[Black "Tomczak, Jacek"]
[Result "1-0"]
[WhiteElo "2693"]
[BlackElo "2595"]
[PlyCount "87"]
[EventDate "2022.10.21"]
[EventType "team-tourn"]
[EventRounds "15"]
[EventCountry "GER"]
[SourceTitle "CBM 213 Extra"]
[Source "ChessBase"]
[SourceDate "2023.05.31"]
[SourceVersion "1"]
[SourceVersionDate "2023.05.31"]
[SourceQuality "1"]
[WhiteTeam "Baden-Baden"]
[BlackTeam "Berlin SF"]
[WhiteTeamCountry "GER"]
[BlackTeamCountry "GER"]

1. Nf3 Nf6 2. c4 e6 3. d4 b6 4. g3 Bb4+ 5. Bd2 a5 6. Bg2 Bb7 7. 0-0 0-0 8. Bg5 Be7 9. Qc2 c5 10. dxc5 Be4 11. Qd2 bxc5 12. Nc3 Bc6 13. Rad1 d6 14. Bxf6 gxf6 15. Qf4 Nd7 16. Nd2 Bxg2 17. Kxg2 Ne5 18. Nb5 Ra6 19. a4 d5 20. cxd5 exd5 21. Nf3 Re6 22. e3 Nc6 23. Rd2 Nb4 24. Rfd1 c4 25. Rd4 Qc8 26. Qf5 Re5 27. Qxc8 Rxc8 28. Nxe5 fxe5 29. Rxd5 Nxd5 30. Rxd5 f6 31. Rd7 Kf7 32. Kf3 Ke6 33. Ra7 Bb4 34. e4 h5 35. Ke2 Rd8 36. Nc7+ Kd6 37. Nd5 f5 38. f3 fxe4 39. fxe4 h4 40. gxh4 Kc5 41. Rc7+ Kd6 42. Rxc4 Bc5 43. Rc3 Bd4 44. Rh3 1-0

[Event "Bundesliga 2223"]
[Site "Germany"]
[Date "2023.02.26"]
[Round "9.7"]
[White "Pavlidis, Antonios"]
[Black "Tomczak, Jacek"]
[Result "1/2-1/2"]
[WhiteElo "2550"]
[BlackElo "2595"]
[PlyCount "42"]
[EventDate "2022.10.21"]
[EventType "team-tourn"]
[EventRounds "15"]
[EventCountry "GER"]
[SourceTitle "CBM 213 Extra"]
[Source "ChessBase"]
[SourceDate "2023.05.31"]
[SourceVersion "1"]
[SourceVersionDate "2023.05.31"]
[SourceQuality "1"]
[WhiteTeam "Remagen Sinzig"]
[BlackTeam "Berlin SF"]
[WhiteTeamCountry "GER"]
[BlackTeamCountry "GER"]

1. e4 c6 2. Nc3 d5 3. Nf3 dxe4 4. Nxe4 Nf6 5. Qe2 Nxe4 6. Qxe4 Nd7 7. Bc4 Nf6 8. Ne5 e6 9. Qe2 b5 10. Bb3 Qc7 11. d4 Bd6 12. a4 b4 13. Bf4 0-0 14. 0-0 Bb7 15. Rad1 c5 16. dxc5 Qxc5 17. Nd7 Nxd7 18. Bxd6 Qc6 19. Qg4 Nf6 20. Qh3 Rfd8 21. Be7 Rxd1 1/2-1/2